| 000 | 00891nam a22002537a 4500 | ||
|---|---|---|---|
| 003 | OSt | ||
| 005 | 20240530073925.0 | ||
| 008 | 210311b ||||| |||| 00| 0 spa d | ||
| 020 | _a9789945096422 | ||
| 040 |
_aDO-SdBNP _bspa _cBNPHU |
||
| 082 | 4 |
_aRD863.44 _bZ35p, 2020 |
|
| 100 | 1 |
_aZapata, César Augusto, _d1959 - _972848 |
|
| 245 | 1 | 0 |
_aPersistencia del ángel : _blugares comunes en la vida de Claudio Cruz / _cCésar Augusto Zapata |
| 250 | _a2a. ed. | ||
| 260 |
_aSanto Domingo : _bBùho, _c2020 |
||
| 300 |
_a123 p. ; _c24 cm |
||
| 500 | _aIncluye datos biográficos del autor en las solapas | ||
| 590 | _aInventariado, 2021 / DG | ||
| 590 | _aLa biblioteca posee un ejemplar autografiado por el autor | ||
| 650 | 0 |
_aNovela dominicana _9223 |
|
| 650 | 4 |
_aLiteratura dominicana _978096 |
|
| 910 | _aInventariado, 2021 / DG/Validado. Control de calidad MFF | ||
| 942 |
_2ddc _cLBS1 |
||
| 999 |
_c49539 _d49539 |
||